000 00897 a2200241 4500
003 Nust
005 20221007094645.0
010 _a 2003023742
020 _a0122374614 (hardcover : alk. paper)
040 _cNust
082 0 0 _a629.83,ELL
100 1 _aEllis, George
_945604
245 1 0 _aControl system design guide :
_ba practical guide /
_cGeorge Ellis.
250 _a3rd ed.
260 _aAmsterdam ;
_aBoston :
_bElsevier Academic Press,
_cc2004.
300 _axxiv, 464 p. :
_bill. ;
_c24 cm.
505 _aApplied Principles of Controls (Page-1), Modeling (Page-219), Motion Control (Page-273),
650 0 _aSystem design.
_92255
650 0 _aTelecommunication engineering
856 4 2 _3Publisher description
_uhttp://www.loc.gov/catdir/description/els041/2003023742.html
856 4 2 _3Table of contents
_uhttp://www.loc.gov/catdir/toc/ecip0410/2003023742.html
942 _cREF
_2ddc
999 _c188436
_d188436